[Event "Wiesbaden op 24th"]
[Site "Wiesbaden"]
[Date "2012.08.23"]
[Round "1"]
[White "Krenz, Valeriy"]
[Black "Lukas, Sebastian"]
[Result "1-0"]
[WhiteElo "2261"]
[BlackElo "1887"]
[PlyCount "45"]
[EventDate "2012.08.23"]
[EventType "swiss"]
[EventRounds "7"]
[EventCountry "GER"]
[SourceTitle "CBM 150 Extra"]
[Source "ChessBase"]
[SourceDate "2012.10.19"]
[SourceVersion "1"]
[SourceVersionDate "2012.10.19"]
[SourceQuality "1"]

1. d4 Nf6 2. c4 e6 3. Nc3 d5 4. Bg5 Be7 5. e3 h6 6. Bxf6 Bxf6 7. Nf3 Nd7 8. cxd5 Nb6 9. Bb5+ Bd7 10. dxe6 fxe6 11. Bd3 0-0 12. Bc2 Bc6 13. Qd3 Qd6 14. 0-0-0 Nd5 15. Qh7+ Kf7 16. Ne4 Qe7 17. Nc5 Ke8 18. Qe4 Nb4 19. Qxe6 Bd5 20. Bg6+ Kd8 21. Qxe7+ Kxe7 22. a3 Nc6 23. Be4 1-0

[Event "Karl Mala Memorial op 14th"]
[Site "Frankfurt"]
[Date "2011.07.08"]
[Round "2"]
[White "Knapp, Michael2"]
[Black "Krenz, Valeriy"]
[Result "1/2-1/2"]
[WhiteElo "1985"]
[BlackElo "2263"]
[PlyCount "39"]
[EventDate "2011.07.07"]
[EventType "swiss"]
[EventRounds "7"]
[EventCountry "GER"]
[SourceTitle "EXT 2012"]
[Source "ChessBase"]
[SourceDate "2011.11.24"]
[SourceVersion "1"]
[SourceVersionDate "2011.11.24"]
[SourceQuality "1"]

1. d4 d5 2. c4 c6 3. Nc3 dxc4 4. e3 Be6 5. a4 Nf6 6. Nf3 c5 7. Ng5 cxd4 8. Nxe6 fxe6 9. exd4 Nc6 10. Be3 e5 11. d5 Na5 12. Be2 g6 13. h4 Bg7 14. h5 0-0 15. hxg6 hxg6 16. Bg4 Nxg4 17. Qxg4 Qc8 18. Qxg6 Qf5 19. Qxf5 Rxf5 20. 0-0-0 1/2-1/2

[Event "Hessen-ch 65th"]
[Site "Gladenbach"]
[Date "2011.04.21"]
[Round "6"]
[White "Krenz, Valeriy"]
[Black "Alber, Horst"]
[Result "1/2-1/2"]
[WhiteElo "2281"]
[BlackElo "2336"]
[PlyCount "59"]
[EventDate "2011.04.16"]
[EventType "tourn"]
[EventRounds "9"]
[EventCountry "GER"]
[EventCategory "2"]
[SourceTitle "CBM 142 Extra"]
[Source "ChessBase"]
[SourceDate "2011.06.27"]
[SourceVersion "1"]
[SourceVersionDate "2011.06.27"]
[SourceQuality "1"]

1. d4 Nf6 2. c4 g6 3. Nc3 Bg7 4. e4 d6 5. f4 c5 6. d5 0-0 7. Nf3 a6 8. a4 e6 9. Be2 exd5 10. cxd5 Bg4 11. 0-0 Nbd7 12. h3 Bxf3 13. Bxf3 Rb8 14. Re1 Re8 15. a5 h6 16. Bd2 Nh7 17. Kh1 Bd4 18. Be3 Bxe3 19. Rxe3 h5 20. Qe1 b6 21. e5 dxe5 22. fxe5 bxa5 23. e6 Ndf6 24. exf7+ Kxf7 25. Rxe8 Qxe8 26. Qd2 Qe5 27. Rxa5 Ng5 28. Rxa6 Rb4 29. Ra7+ Kg8 30. Ra8+ 1/2-1/2

[Event "Hessen-ch 65th"]
[Site "Gladenbach"]
[Date "2011.04.19"]
[Round "4"]
[White "Seifert, Christopher"]
[Black "Krenz, Valeriy"]
[Result "1/2-1/2"]
[WhiteElo "2157"]
[BlackElo "2281"]
[PlyCount "35"]
[EventDate "2011.04.16"]
[EventType "tourn"]
[EventRounds "9"]
[EventCountry "GER"]
[EventCategory "2"]
[SourceTitle "CBM 142 Extra"]
[Source "ChessBase"]
[SourceDate "2011.06.27"]
[SourceVersion "1"]
[SourceVersionDate "2011.06.27"]
[SourceQuality "1"]

1. c4 c6 2. Nc3 d5 3. e3 e5 4. Nf3 e4 5. Nd4 Nf6 6. cxd5 cxd5 7. Qb3 Be7 8. Bb5+ Kf8 9. 0-0 Nbd7 10. f4 Nc5 11. Qc2 a6 12. Na4 Ne6 13. Be2 Nxd4 14. exd4 Bf5 15. b4 b6 16. b5 a5 17. Qb3 Rb8 18. Bb2 1/2-1/2

[Event "Hessen-ch 65th"]
[Site "Gladenbach"]
[Date "2011.04.17"]
[Round "2"]
[White "Krenz, Valeriy"]
[Black "Poetsch, Hagen"]
[Result "1/2-1/2"]
[WhiteElo "2281"]
[BlackElo "2415"]
[PlyCount "104"]
[EventDate "2011.04.16"]
[EventType "tourn"]
[EventRounds "9"]
[EventCountry "GER"]
[EventCategory "2"]
[SourceTitle "CBM 142 Extra"]
[Source "ChessBase"]
[SourceDate "2011.06.27"]
[SourceVersion "1"]
[SourceVersionDate "2011.06.27"]
[SourceQuality "1"]

1. d4 Nf6 2. Nf3 e6 3. Bg5 h6 4. Bh4 c5 5. e3 b6 6. Nbd2 Bb7 7. Bd3 d6 8. 0-0 Nbd7 9. c3 Be7 10. e4 0-0 11. Re1 Rc8 12. e5 Nh5 13. Bxe7 Qxe7 14. Nc4 dxe5 15. dxe5 Rcd8 16. g3 Bd5 17. Nfd2 g6 18. f4 Ng7 19. Nd6 g5 20. Qg4 h5 21. Qh3 g4 22. Qf1 f6 23. exf6 Nxf6 24. N6e4 Qd7 25. Nxf6+ Rxf6 26. Ne4 Rff8 27. Rad1 Qa4 28. Ng5 c4 29. Bh7+ Kh8 30. Be4 Qxa2 31. Bxd5 exd5 32. Qf2 Rd7 33. Qc2 Nf5 34. Re5 Qb3 35. Qb1 d4 36. cxd4 h4 37. Rde1 Qd3 38. Qxd3 cxd3 39. d5 hxg3 40. hxg3 Nxg3 41. Ne6 Rf6 42. Kf2 Ne2 43. Ke3 g3 44. Kxd3 Nxf4+ 45. Ke4 Nxe6 46. dxe6 Re7 47. Kd5 g2 48. Rh5+ Kg7 49. Rg5+ Rg6 50. Rxg6+ Kxg6 51. Rg1 Kf6 52. Rxg2 Rxe6 1/2-1/2

[Event "Hessenliga 1011"]
[Site "Germany"]
[Date "2011.04.03"]
[Round "8.1"]
[White "Alber, Horst"]
[Black "Krenz, Valeriy"]
[Result "0-1"]
[WhiteElo "2336"]
[BlackElo "2281"]
[PlyCount "58"]
[EventDate "2010.09.26"]
[EventType "team-tourn"]
[EventRounds "9"]
[EventCountry "GER"]
[SourceTitle "EXT 2012"]
[Source "ChessBase"]
[SourceDate "2011.11.24"]
[SourceVersion "1"]
[SourceVersionDate "2011.11.24"]
[SourceQuality "1"]
[WhiteTeam "Marburg"]
[BlackTeam "Dotzheim"]
[WhiteTeamCountry "GER"]
[BlackTeamCountry "GER"]

1. d4 d5 2. c4 c6 3. Nc3 dxc4 4. a4 e5 5. e3 exd4 6. exd4 Be6 7. Nf3 Ne7 8. Be2 Nf5 9. g4 Nd6 10. Ng5 Bd5 11. Nxd5 cxd5 12. Bf3 Be7 13. Nh3 Ne4 14. 0-0 0-0 15. Re1 Bb4 16. Re2 Re8 17. Ng5 Nf6 18. Rxe8+ Qxe8 19. Bd2 Nc6 20. Bc3 Qd7 21. Qd2 Bd6 22. Kh1 Bc7 23. Rg1 Qd6 24. Rg2 Re8 25. h4 h6 26. Nh3 Ne4 27. Qc1 Qf6 28. Bxe4 Rxe4 29. g5 Qf3 0-1

[Event "Hessen-ch Gr-A 64th"]
[Site "Bad Vilbel"]
[Date "2010.04.02"]
[Round "5"]
[White "Feicht, Arno"]
[Black "Krenz, Valeriy"]
[Result "0-1"]
[WhiteElo "2040"]
[BlackElo "2287"]
[PlyCount "116"]
[EventDate "2010.03.31"]
[EventType "tourn"]
[EventRounds "7"]
[EventCountry "GER"]
[SourceTitle "CBM 135 Extra"]
[Source "ChessBase"]
[SourceDate "2010.05.04"]
[SourceVersion "1"]
[SourceVersionDate "2010.05.04"]
[SourceQuality "1"]

1. e4 c6 2. d4 d5 3. exd5 cxd5 4. c4 Nf6 5. c5 g6 6. Nc3 Bg7 7. Bb5+ Bd7 8. Bxd7+ Qxd7 9. Nge2 Nc6 10. Qa4 0-0 11. 0-0 Rad8 12. Rd1 Qf5 13. h3 g5 14. Be3 a6 15. a3 h5 16. Rac1 h4 17. Qc2 Qxc2 18. Rxc2 Nh7 19. b4 f5 20. g3 hxg3 21. fxg3 Bh6 22. Rf1 e5 23. b5 axb5 24. Nxb5 f4 25. Bf2 e4 26. gxf4 gxf4 27. Bh4 Rd7 28. Kh1 f3 29. Ng1 Ng5 30. Bf2 Ne6 31. Rc3 Bg7 32. Rd1 Nf4 33. Rd2 Ng2 34. Rd1 Bh6 35. Rf1 e3 36. Bxe3 Nxe3 37. Rxf3 Rxf3 38. Nxf3 Rf7 39. Nd2 Rf2 40. Rd3 Na5 41. Kg1 Rg2+ 42. Kh1 Re2 43. Kg1 Bf4 44. Nc3 Rg2+ 45. Kh1 Rh2+ 46. Kg1 Rxh3 47. Nf1 Rf3 48. Nd2 Rg3+ 49. Kh1 Nac4 50. Ne2 Rh3+ 51. Kg1 Bh2+ 52. Kh1 Bc7+ 53. Kg1 Nb2 54. Rb3 Bh2+ 55. Kf2 Nbd1+ 56. Ke1 Bc7 57. Ng1 Rh2 58. Ngf3 Bg3# 0-1

[Event "Hessenliga 0910"]
[Site "Germany"]
[Date "2010.02.21"]
[Round "7.2"]
[White "Khairullin, Ildar"]
[Black "Krenz, Valeriy"]
[Result "1-0"]
[WhiteElo "2602"]
[BlackElo "2287"]
[PlyCount "43"]
[EventDate "2009.09.20"]
[EventType "team-tourn"]
[EventRounds "9"]
[EventCountry "GER"]
[SourceTitle "EXT 2011"]
[Source "ChessBase"]
[SourceDate "2010.11.26"]
[SourceVersion "1"]
[SourceVersionDate "2010.11.26"]
[SourceQuality "1"]
[WhiteTeam "Wiesbaden"]
[BlackTeam "Dotzheim"]
[WhiteTeamCountry "GER"]
[BlackTeamCountry "GER"]

1. e4 c6 2. d4 d5 3. e5 c5 4. Nf3 Nc6 5. dxc5 Bg4 6. c3 e6 7. Be3 Bxf3 8. Qxf3 Nxe5 9. Bb5+ Nc6 10. 0-0 a6 11. Ba4 Qh4 12. Qd1 Nge7 13. Nd2 0-0-0 14. Nf3 Qh5 15. b4 e5 16. Qb1 d4 17. cxd4 Nxd4 18. Bxd4 exd4 19. b5 axb5 20. Qxb5 Nc6 21. Rab1 Rd7 22. Nxd4 1-0